1785 1910 1627 1304 1648 1789 1332 1149 1983 1889 1717 1123 1456 1163 1624 1367 1865 1271 1682 1877 1520 1266 1534 1484 1886 1581 1429 1867 1771 1232 1364 1803 1875 1720 1649 1887 1261 1020 1570 1311 1879 1056 1597 1193 1952 1762 1024 1544 1638 1457 1859 1456 1497 1915 1981 1521 1117 1166 1500 1081 1786 1768 1406 1711 1575 1331 1511 1554 1262 1075 1694 1102 1174 1524 1629 1126 1448 1225 1206 1899 1103 1215 1015 1624 1237 1522 1295 1742 1894 1144 1871 1938 1165 1173 1098 1153 1301 1817 1138 BCNSPRNW ULIB Ver.6.0+V

เปลี่ยนเป็นภาษาไทย

Change to English
 แสดงรายละเอียดบรรณานุกรม
  กลับหน้าหลัก

Brief Record : Get Marc (ISO 2709) : E-mail record : QR code < ปิดหน้าต่าง
LEADER : 00000nam 2200000uu 4500
001    13399128462
003     ULIB
008    230829s2564||||th 000 0 tha d
020    ^a9786165885508
060 04 ^aWI755^bร924
245 00 ^aโรคถุงน้ำดีอักเสบเฉียบพลัน =^bAcute cholecystitis /^cวิริยาพรฤทธิทิศ, บรรณาธิการ
246 31 ^aAcute cholecystitis
250    ^aพิมพ์ครั้งที่ 1
260    ^aกรุงเทพฯ :^bสาขาวิชาโรคทางเดินอาหาร ภาควิชาอายุรศาสตร์คณะแพทยศาสตร์ จุฬาลงกรณ์มหาวิทยาลัย,^c2564
300    ^ax, 284 หน้า :^bภาพประกอบ ;^c27 ซม.
650  2 ^aCholecystitis, Acute
650  2 ^aCholelithiasis
650  4 ^aถุงน้ำดี, โรค
700 0  ^aวิริยาพร ฤทธิทิศ,^eบรรณาธิการ
710  0 ^aจุฬาลงกรณ์มหาวิทยาลัย.^bคณะแพทยศาสตร์.^bภาควิชาอายุรศาสตร์.^bสาขาโรคทางเดินอาหาร
945    ^p550^l0^i29673
945    ^p550^l0^i29674
999    ^aกัณชพร จุลอักษร
รายการนี้ยังไม่มีแท็ก
คุณยังไม่ได้ล็อกอิน คุณสามารถมีกิจกรรมร่วมกับเว็บไซต์ได้ แต่ต้องล็อกอินก่อน ::
  ล็อกอิน

รายการสื่อสารสนเทศ

ลำดับที่ ประเภท เลขเรียก/บาร์โค้ด สถานที่ สถานะ
1. หนังสือสำรอง
หนังสือสำรอง
WI755 ร924 ฉ.1 
  Barcode: 29673
ห้องสมุดวิทยาเขตนครสวรรค์
►หนังสือทั่วไป:l:General Books
บนชั้น
2. วิทยาศาสตร์การแพทย์ และสุขภาพ
วิทยาศาสตร์การแพทย์ และสุขภาพ
WI755 ร924 ฉ.2 
  Barcode: 29674
ห้องสมุดวิทยาเขตนครสวรรค์
►หนังสือทั่วไป:l:General Books
บนชั้น

รายการใกล้เคียง
    หัวเรื่อง [Cholecystitis, Acute]
    หัวเรื่อง [Cholelithiasis]
    หัวเรื่อง [ถุงน้ำดี, โรค]

BibComment


ยังไม่เคยถูกคอมเมนท์

คอมเมนท์ทรัพยากรรายการนี้
  คอมเมนท์: โรคถุงน้ำดีอักเส..


 Copyright 2026. Bcnsprnw @Library